Detalles MARC
| 000 -LÍDER |
| Campo fijo de descripción fija |
02588nam a2200337 i 4500 |
| 001 - NÚMERO DE CONTROL |
| Campo de control |
768714001 |
| 003 - IDENTIFICADOR DEL NÚMERO DE CONTROL |
| Campo de control |
CO-MdFUSB |
| 005 - FECHA Y HORA DE LA ULTIMA TRANSACCIÓN |
| control field |
20210415160422.0 |
| 007 - CAMPO FIJO DE DESCRIPCIÓN FIJA--INFORMACIÓN GENERAL |
| Campo fijo de descripción fija |
ta |
| 008 - ELEMENTOS DE LONGITUD FIJA -- INFORMACIÓN GENERAL |
| Campo fijo de descripción fija -- Información general |
200701t2006 ck a|||| |||| 00| 0 spa d |
| 020 ## - NÚMERO INTERNACIONAL NORMALIZADO PARA LIBROS |
| Número Internacional Normalizado del libro |
9582007001 |
| 040 ## - FUENTE DE CATALOGACIÓN |
| Agencia de catalogación original |
CO-MdFUSB |
| Idioma de catalogación |
spa |
| Agencia que realiza la transcripción |
CO-MdFUSB |
| Agencia que realiza la modificación |
CO-MdFUSBC |
| Convenciones de la descripción |
rda |
| 041 ## - CÓDIGO DE IDIOMA |
| Código de idioma para texto/pista de sonido o título separado |
spa |
| 082 ## - NÚMERO DE CLASIFICACIÓN DECIMAL DEWEY |
| Número de la edición del Dewey |
23 |
| Número de clasificación |
371.12 |
| Clave de autor-Numero de item |
T356 |
| 100 ## - ASIENTO PRINCIPAL--NOMBRE PERSONAL |
| Nombre personal |
Tezanos, Araceli de |
| Término relacionador |
autor |
| 245 13 - TÍTULO |
| Título del Material |
El maestro y su formación |
| Parte restante del título - Subtitulo |
: tras las huellas y los imaginarios |
| Mención de responsabilidad, etc. |
/ Araceli de Tezanos |
| 264 #1 - PRODUCCIÓN, PUBLICACIÓN, DISTRIBUCIÓN, MANUFACTURA, Y COPYRIGHT |
| Lugar de producción, publicación, distribución, manufactura |
Bogotá, Colombia : |
| Nombre del productor, publicador, distribuidor |
Cooperativa Editorial Magisterio, |
| Fecha de producción, publicación, distribución, manufactura, o copyright |
[2006] |
| 264 #4 - PRODUCCIÓN, PUBLICACIÓN, DISTRIBUCIÓN, MANUFACTURA, Y COPYRIGHT |
| Fecha de producción, publicación, distribución, manufactura, o copyright |
©2006 |
| 300 ## - DESCRIPCIÓN FÍSICA |
| Dimensiones |
328 páginas ; |
| Extensión |
21 cm |
| 336 ## - TIPO DE CONTENIDO |
| Fuente |
rdacontent |
| Término de tipo de contenido |
texto |
| Código de tipo de contenido |
txt |
| 337 ## - TIPO DE MEDIO |
| Fuente |
rdamedia |
| Nombre del tipo de medio |
sin mediación |
| Código del tipo de medio |
n |
| 338 ## - TIPO DE SOPORTE |
| Fuente |
rdacarrier |
| Nombre del tipo de soporte |
volumen |
| Código Tipo de soporte |
nc |
| 490 ## - MENCIÓN DE SERIE |
| Mención de serie |
Colección pedagogía e historia |
| 505 ## - NOTA DE CONTENIDO |
| Nota de contenido con formato preestablecido |
Prólogo -- Alberto Echeverri Sánchez -- Introducción -- Arceli de Tezanos -- Primero parte: Fundamentos teóricos para un programa de formación docente -- Segunda parte -- Cartas pedagógicas -- Carta I -- Carta II -- Carta III -- Carta IV -- Carta V -- Carta VI -- Carta VII -- Carta VIII -- Carta IX |
| 520 ## - NOTA DE RESUMEN, ETC. |
| Nota de sumario, etc. |
Estoy cada vez más convencida, y aún más que antes, después de trabajar todo este año con las camadas nuevas de estudiantes, de que el reto más profundo y exigente que tiene la formación de maestros res abrir cabezas, romper los candados que le pusieron en las neuronas y hacernos zambullir de un solo viaje en el conocimiento. Sin preguntarles mucho si quieren o no quieren. La democracia es solo posible con cuidados cultos, no con gente llena de consignas, cuyo origen y significado casi siempre desconocen. Le digo esto porque en este país todo el mundo se llena la boca con la palabra democracia, pero tengo la impresión de que muy pocos han pensado realmente en el sentido y las consecuencias de ella. Más aún, cuáles son los procesos que la constituyen, mejor dicho y para este caso particular, que la reconstituyen. Me parece que esta misiva se va transformando en un panfleto político... pero en estos días, por estos lados, es imposible estar ajena a los acontecimientos, que son muchos y complejos. Sin embargo, y a pesar de todo, los cambios van, con todas las dificultades que le he contado, pero seguimos en la pelea, con las lanzas en alto... quizás con el tiempo se van a dar cuenta, tanto los alumnos como los académicos, de lo que les pasó... Ahora me voy de vacaciones... ¡Salud! Araceli |
| 563 ## - NOTA DE ENCUADERNACIÓN |
| Nota de encuadernación |
Rústico |
| 650 #0 - ASIENTO SECUNDARIO DE MATERIA - TERMINO TEMÁTICO |
| 9 (RLIN) |
984 |
| Término temático o nombre geográfico como elemento de entrada |
Educación |
| 653 ## - TÉRMINO DE INDIZACIÓN - NO CONTROLADO |
| Término no controlado |
Pedagogía |
| 942 ## - TIPO DE MATERIAL (KOHA) |
| Tipo de Item KOHA |
Libros General |
| 945 ## - INFORMACIÓN LOCAL DEL REGISTRO |
| Catalogador |
Dani |